Nevíte co s penězi?

Najbežnejšia forma investícií - vklady. Výhody a nevýhody investovania do akcií, obligácií, penzijného fondu a stavebného sporenia. Podmienka vedenia portfóliových účtov vo vybraných formách. Poplatky pri vstupe a výstupe z niektorých podielových fondov.

Na minha lista:
Detalhes bibliográficos
Autor principal: Kříž, M.
Formato: Capítulo de Livro
Idioma:tcheco
Assuntos:
Tags: Adicionar Tag
Sem tags, seja o primeiro a adicionar uma tag!

MARC

LEADER 00000naa a2200000 4500
001 r027269
005 20230920094050.4
041 0 |a cze 
044 |a CZ 
245 1 0 |a Nevíte co s penězi?  |c M. Kříž 
520 |a Najbežnejšia forma investícií - vklady. Výhody a nevýhody investovania do akcií, obligácií, penzijného fondu a stavebného sporenia. Podmienka vedenia portfóliových účtov vo vybraných formách. Poplatky pri vstupe a výstupe z niektorých podielových fondov. 
610 2 0 |a sporenie obyvateľstva 
610 2 0 |a vklady 
610 2 0 |a akcie 
610 2 0 |a obligácie 
610 2 0 |a fondy penzijné 
610 2 0 |a sporenie stavebné 
610 2 0 |a fondy podielové 
610 2 0 |a poplatky 
100 1 |a Kříž, M.